| 000 | 00373nam a2200145Ia 4500 | ||
|---|---|---|---|
| 008 | 231217s9999 xx 000 0 und d | ||
| 020 | _aISBN 019-925938-0 | ||
| 041 | _aEnglish | ||
| 082 | _a001.42 BRY R | ||
| 100 | _aBryman, Alan. Bell, Emma. | ||
| 245 | 0 | _aBusiness research methods | |
| 260 |
_c2003 _bOxford University _aOxford |
||
| 300 | _axv+608 | ||
| 942 | _cAA | ||
| 999 |
_c176748 _d176748 |
||